| 000 | 00429cam3a220015700 4500 | ||
|---|---|---|---|
| 001 | tmp15357645 | ||
| 003 | UPRA | ||
| 005 | 20190819092216.0 | ||
| 035 | _a(Sirsi) r85667 | ||
| 050 | _aPS 3566.E9.M5 PER 1961 | ||
| 008 | 950801s1966 enk eng u | ||
| 100 | 1 | _aPercy, Walker | |
| 245 | 1 | 4 |
_aThe movie-goer/ _cby Walker Percy |
| 260 |
_a[Harmondsworth, Middlesex : _bPenguin, _c1961 |
||
| 500 | _aFirst published in 1961. | ||
| 999 |
_c96647 _d96648 |
||